Central Library OPAC University of Rajshahi

On community, society, and power / (Record no. 41192)

MARC details
000 -LEADER
fixed length control field 00978nam a2200313 a 4500
001 - CONTROL NUMBER
control field 41192
003 - CONTROL NUMBER IDENTIFIER
rucl marc code BD-RjUL
005 - DATE AND TIME OF LATEST TRANSACTION
control field 20211209053338.0
008 - FIXED-LENGTH DATA ELEMENTS--GENERAL INFORMATION
fixed length control field 160517s1970 ilu b 001 0 eng
020 ## - INTERNATIONAL STANDARD BOOK NUMBER
International Standard Book Number 0226500470
International Standard Book Number 0226500480
035 ## - SYSTEM CONTROL NUMBER
System control number (BD-RjUL) 41308
040 ## - CATALOGING SOURCE
Original cataloging agency DLC
Transcribing agency DLC
Modifying agency DLC
-- (BD-RjUL)
Language of cataloging eng
041 ## - LANGUAGE CODE
Language code of text/sound track or separate title eng
082 00 - DEWEY DECIMAL CLASSIFICATION NUMBER
Classification number 301
Edition number 23
Author mark and year MAO 1970
100 1# - MAIN ENTRY--PERSONAL NAME
Personal name MacIver, Robert M.
Fuller form of name (Robert Morrison),
Dates associated with a name 1882-1970.
9 (RLIN) 125454
245 10 - TITLE STATEMENT
Title On community, society, and power /
Statement of responsibility, etc. Robert M. MacIver ; edited by Leon Bramson
260 ## - PUBLICATION, DISTRIBUTION, ETC. (IMPRINT)
Place of publication, distribution, etc. Chicago :
Name of publisher, distributor, etc. University of Chicago Press,
Date of publication, distribution, etc. 1970
300 ## - PHYSICAL DESCRIPTION
Pagination vii, 319 p. ;
Size 21 cm.
490 0# - SERIES STATEMENT
Series statement The Heritage of sociology
500 ## - GENERAL NOTE
General note Includes index
504 ## - BIBLIOGRAPHY, ETC. NOTE
Bibliography, etc Bibliography: p. 309-316.
650 #0 - SUBJECT ADDED ENTRY--TOPICAL TERM
Topical term or geographic name as entry element Sociology.
9 (RLIN) 126723
Topical term or geographic name as entry element Communities.
9 (RLIN) 121102
Topical term or geographic name as entry element Power (Social sciences)
9 (RLIN) 126724
700 ## - ADDED ENTRY--PERSONAL NAME
Personal name Bramson, Leon
830 ## - SERIES ADDED ENTRY--UNIFORM TITLE
Uniform title The Heritage of sociology
942 ## - ADDED ENTRY ELEMENTS (KOHA)
Source of classification or shelving scheme Dewey Decimal Classification
Koha item type Books
Holdings
Lost status Source of classification or shelving scheme Damaged status Not for loan Collection code Permanent Location Current Location Shelving location Date acquired Source of acquisition Cost, normal purchase price Total Checkouts Full call number Date last seen Copy number Koha item type
  Dewey Decimal Classification     Non-fiction Central Library, University of Rajshahi Central Library, University of Rajshahi   08/04/1982 Heffer 10.50   301 MAO 1970 17/05/2016 C-2 Books
  Dewey Decimal Classification   Not For Loan Non-fiction Central Library, University of Rajshahi Central Library, University of Rajshahi Reading Room 04/10/1980 Zeitlinger     301 MAO 1970 12/12/2016 C-1 Books